ra1 - Statystyki

Ogólne statystyki
  • Ten quiz został rozwiązany 5 razy
  • Średni wynik to 10 z 16
Statystyki odpowiedzi
Wskazówka Odpowiedź % Poprawnych
Najbiedniejsze państwo Burundi
100%
Stolica stanu Terytoria Północne w Australii Darwin
100%
Największy port Bałtyku Gdańsk
100%
Najczęściej odwiedzane miasto przez turystów w Polsce Kraków
100%
4 największe miasto w Polsce Łódz
100%
Półwysep, na którym znajduje się miasto Jastarnia Półwysep Helski
100%
Nazwa Wołgogradu w czasie II wojny światowej Stalingrad
100%
Największe miasto w Kanadzie Toronto
100%
Miasto w którym urodził się Karol Wojtyła Wadowice
100%
3 największe miasto Szwecji Malmo
50%
Archipelag wysp na Pacyfiku należący do Ekwadoru Wyspy Galapagos
50%
Miasto zaanektowane przez III Rzeszę w 1939 roku na Litwie Kłajpeda
0%
Najbardziej na południe wysunięty stan Brazylii Rio Grande do Sul
0%
Wyspa, która w przeszłości była podzielona między Japonię i Rosję Sachalin
0%
Największa wyspa Svalbardu Spitsbergen
0%
Obecnie miasto w Rosji, do 1940 było drugim największym miastem Finlandii Wyborg
0%
Nie znaleziono quizów pasujących do podanych kryteriów
Rozkład punktacji
Procent ludzi z każdym wynikiem
Percentyl według liczby udzielonych odpowiedzi
Twoja historia wyników
Nie rozwiązałeś tego quizu